Central Library OPAC University of Rajshahi

Food analysis : (Record no. 9502)

MARC details
000 -LEADER
fixed length control field 00861cam a22002771 4500
001 - CONTROL NUMBER
control field 9502
003 - CONTROL NUMBER IDENTIFIER
rucl marc code BD-RjUL
005 - DATE AND TIME OF LATEST TRANSACTION
control field 20211208234805.0
008 - FIXED-LENGTH DATA ELEMENTS--GENERAL INFORMATION
fixed length control field 140121s1941 xx 000 0 eng d
035 ## - SYSTEM CONTROL NUMBER
System control number (BD-RjUL)9547
System control number (OCoLC)1650306
040 ## - CATALOGING SOURCE
Original cataloging agency DLC
Transcribing agency ViU
Modifying agency DLC
-- (BD-RjUL)
Language of cataloging eng
041 ## - LANGUAGE CODE
Language code of text/sound track or separate title eng
082 ## - DEWEY DECIMAL CLASSIFICATION NUMBER
Edition number 22
Classification number 641.303
Author mark and year WOF
100 1# - MAIN ENTRY--PERSONAL NAME
Personal name Woodman, Alpheus Grant,
Dates associated with a name 1873-
9 (RLIN) 29435
245 00 - TITLE STATEMENT
Title Food analysis :
Remainder of title typical methods and the interpretation of results /
Statement of responsibility, etc. by A. G. Woodman.
250 ## - EDITION STATEMENT
Edition statement 4th ed.
260 ## - PUBLICATION, DISTRIBUTION, ETC. (IMPRINT)
Place of publication, distribution, etc. New York [etc.]
Name of publisher, distributor, etc. McGraw-Hill book company inc.,
Date of publication, distribution, etc. 1941
300 ## - PHYSICAL DESCRIPTION
Pagination xii, 607 p. :
Illustrations ill. ;
Size 21 cm.
500 ## - GENERAL NOTE
General note Includes index
650 #0 - SUBJECT ADDED ENTRY--TOPICAL TERM
Topical term or geographic name as entry element Food
General subdivision Analysis.
9 (RLIN) 29436
830 ## - SERIES ADDED ENTRY--UNIFORM TITLE
Uniform title International chemical series
942 ## - ADDED ENTRY ELEMENTS (KOHA)
Source of classification or shelving scheme Dewey Decimal Classification
Koha item type Books
Holdings
Lost status Source of classification or shelving scheme Damaged status Not for loan Collection code Permanent Location Current Location Shelving location Date acquired Source of acquisition Cost, normal purchase price Total Checkouts Full call number Date last seen Copy number Koha item type
  Dewey Decimal Classification     Non-fiction Central Library, University of Rajshahi Central Library, University of Rajshahi   24/02/1977 Ahmed Book Center 96.00   641.303 WOF 1956 21/01/2014 C-2 Books
  Dewey Decimal Classification   Not For Loan Non-fiction Central Library, University of Rajshahi Central Library, University of Rajshahi Reading Room 31/01/1958 Black-Well Ltd. 3.00   641.303 WOF 1941 15/04/2017 C-1 Books